[Event "Sherbrooke club ch."]
[Site "Sherbrooke CAN"]
[Date "2003.05.25"]
[Round "4"]
[White "Liard, Serge"]
[Black "Pilotte, Benoit"]
[Result "1-0"]
[WhiteElo "1979"]
[BlackElo "1700"]
[PlyCount "75"]
[EventDate "2003.05.24"]
[EventType "swiss"]
[EventRounds "4"]
[EventCountry "CAN"]

1. e4 d6 2. d4 Nf6 3. Nc3 g6 4. Be2 Bg7 5. Bg5 h6 6. Be3 a6 7. Bf3 Nc6 8. h3 e5
9. Nge2 exd4 10. Nxd4 Ne5 11. Be2 c5 12. Nf3 Qb6 13. O-O Be6 14. Nxe5 dxe5 15.
Na4 Qc6 16. Nxc5 Nxe4 17. Nxe4 Qxe4 18. Bf3 Qb4 19. c3 Qxb2 20. Rb1 Qxc3 21.
Bxb7 O-O 22. Bxa8 Rxa8 23. Rc1 Qa3 24. Rc2 Bf5 25. Rd2 Kh7 26. Qc1 Qe7 27. Qc6
Rb8 28. Qxa6 Rb4 29. Qd6 Qh4 30. Qd8 g5 31. f3 e4 32. Qe7 exf3 33. Qxf7 Bxh3
34. Qxf3 Bg4 35. Qc6 Bf5 36. Qc5 Re4 37. Qxf5+ Kg8 38. Rd8+ 1-0

[Event "Sherbrooke club ch."]
[Site "Sherbrooke CAN"]
[Date "2003.05.25"]
[Round "4"]
[White "Soskic, Milan"]
[Black "Ouellet-Lahaie, Didier"]
[Result "0-1"]
[WhiteElo "1217"]
[BlackElo "1409"]
[PlyCount "76"]
[EventDate "2003.05.24"]
[EventType "swiss"]
[EventRounds "4"]
[EventCountry "CAN"]

1. e4 e5 2. Nf3 Nc6 3. Bb5 a6 4. Ba4 Nf6 5. d3 d6 6. O-O Be7 7. Re1 b5 8. Bb3
O-O 9. c3 Nd7 10. a3 Nb6 11. Ba2 Be6 12. b3 f5 13. Nbd2 f4 14. Bb2 g5 15. d4 g4
16. d5 gxf3 17. Qxf3 Bc8 18. dxc6 Rf6 19. b4+ Kg7 20. Rad1 Qe8 21. Bd5 Qg6 22.
h3 Qg5 23. Kh2 Rh6 24. g4 fxg3+ 25. fxg3 Nxd5 26. exd5 Bxh3 27. g4 Bxg4+ 28.
Kg2 Bxf3+ 29. Kxf3 Rf8+ 30. Ke2 Rh2+ 31. Kd3 Qg6+ 32. Ne4 Rf3+ 33. Re3 Rxe3+
34. Kxe3 Bg5+ 35. Nxg5 Qxg5+ 36. Kd3 Qg3+ 37. Ke4 Qg4+ 38. Ke3 Qe2# 0-1

[Event "Sherbrooke, Perpetuelles 1-5"]
[Site "Sherbrooke CAN"]
[Date "2003.06.06"]
[Round "1"]
[White "Beaudry, Marc-Andre"]
[Black "Ouellet-Lahaie, Didier"]
[Result "0-1"]
[WhiteElo "1488"]
[BlackElo "1418"]
[PlyCount "94"]
[EventDate "2003.06.06"]
[EventType "swiss"]
[EventRounds "5"]
[EventCountry "CAN"]

1. e4 e5 2. Nf3 Nc6 3. d4 exd4 4. Nxd4 Qf6 5. Be3 Bc5 6. c3 Nge7 7. f4 d6 8.
Bc4 Qg6 9. Qc2 Qf6 10. Qd3 a6 11. a4 Be6 12. Nxe6 fxe6 13. Bxc5 dxc5 14. Qe3
O-O-O 15. O-O e5 16. Nd2 exf4 17. Rxf4 Qd6 18. Nb3 Ng6 19. Rf2 Nge5 20. Be2 c4
21. Rd1 Qxd1+ 22. Bxd1 Rxd1+ 23. Rf1 Rxf1+ 24. Kxf1 cxb3 25. Qg5 Rf8+ 26. Ke2
g6 27. h4 h5 28. Qh6 Rd8 29. Qg7 b6 30. Qf6 Kb7 31. Qe6 Rd6 32. Qxb3 Ng4 33.
Qg8 Rf6 34. b4 Nce5 35. Qd5+ Ka7 36. Qd8 Rc6 37. b5 axb5 38. axb5 Rxc3 39. Qc8
Rc4 40. Qa6+ Kb8 41. Qa2 Rxe4+ 42. Kf1 Rc4 43. Qd2 Rc5 44. Qd8+ Ka7 45. Qe8 Nf6
46. Qd8 Nc4 47. Qxf6 Rf5+ 0-1

[Event "Sherbrooke, Perpetuelles 1-5"]
[Site "Sherbrooke CAN"]
[Date "2003.06.06"]
[Round "1"]
[White "Chelkowski, Jan"]
[Black "Soskic, Milan"]
[Result "0-1"]
[WhiteElo "1199"]
[BlackElo "1214"]
[PlyCount "96"]
[EventDate "2003.06.06"]
[EventType "swiss"]
[EventRounds "5"]
[EventCountry "CAN"]

1. e4 d6 2. Nf3 Nf6 3. Nc3 g6 4. b3 Bg7 5. Bb2 O-O 6. Be2 b6 7. O-O Bb7 8. d3
Nbd7 9. Rb1 c6 10. Re1 Re8 11. d4 Qc7 12. g3 e6 13. Bf1 Rad8 14. Qe2 e5 15. Nd1
c5 16. d5 a6 17. Nd2 b5 18. c4 b4 19. a3 a5 20. Qe3 Ng4 21. Qd3 Rf8 22. Bh3
Ndf6 23. Rf1 Bc8 24. Qe2 h5 25. Kg2 Nh6 26. Bxc8 Qxc8 27. axb4 axb4 28. Ra1 Nh7
29. h4 f5 30. Ne3 f4 31. Nc2 Qg4 32. Qxg4 hxg4 33. f3 g5 34. Rh1 gxf3+ 35. Nxf3
g4 36. Ng5 f3+ 37. Kf2 Nxg5 38. hxg5 Nf7 39. Rh5 Nh8 40. Ne3 Ra8 41. Nf5 Rxa1
42. Bxa1 Ra8 43. Rh1 Ra2+ 44. Ke3 Nf7 45. g6 Ng5 46. Nxd6 Nh3 47. Nf5 Re2+ 48.
Kd3 Nf2# 0-1

[Event "Sherbrooke, Perpetuelles 1-5"]
[Site "Sherbrooke CAN"]
[Date "2003.06.06"]
[Round "1"]
[White "Courteau, Bernard"]
[Black "Duclos, Alain"]
[Result "0-1"]
[WhiteElo "1703"]
[BlackElo "1634"]
[PlyCount "70"]
[EventDate "2003.06.06"]
[EventType "swiss"]
[EventRounds "5"]
[EventCountry "CAN"]

1. e4 c5 2. Nf3 e6 3. d4 cxd4 4. Nxd4 Nf6 5. e5 Qa5+ 6. Nc3 Qxe5+ 7. Be2 a6 8.
O-O Qc7 9. Be3 Nc6 10. Nb3 b5 11. Re1 Be7 12. Bf3 Bb7 13. Nc5 O-O 14. Qe2 d6
15. Nxb7 Qxb7 16. Rad1 d5 17. Bf4 Rac8 18. Rd3 Qb6 19. Qd1 Rfd8 20. Bg4 Nxg4
21. Qxg4 Bf8 22. h4 Ne7 23. Qd1 Nf5 24. g4 Nxh4 25. Bg5 Ng6 26. Bxd8 Rxd8 27.
Ne2 Bd6 28. Nd4 Ne5 29. Rc3 Nc4 30. b3 Bb4 31. Rxc4 Bxe1 32. Rc6 Qa5 33. Qe2 h6
34. f4 Bc3 35. Qe5 Qb4 0-1

[Event "Sherbrooke, Perpetuelles 1-5"]
[Site "Sherbrooke CAN"]
[Date "2003.06.06"]
[Round "1"]
[White "Grenier, Jean-Pierre"]
[Black "Boutin, Andre"]
[Result "1-0"]
[WhiteElo "1527"]
[BlackElo "1516"]
[PlyCount "145"]
[EventDate "2003.06.06"]
[EventType "swiss"]
[EventRounds "5"]
[EventCountry "CAN"]

1. e4 Nf6 2. Nc3 d5 3. e5 d4 4. exf6 dxc3 5. fxg7 cxd2+ 6. Bxd2 Bxg7 7. c3 Nc6
8. Bc4 Ne5 9. Be2 Nd3+ 10. Bxd3 Qxd3 11. Bf4 Qxd1+ 12. Rxd1 c6 13. Ne2 e5 14.
Bg5 f6 15. Bh4 Be6 16. b3 Rd8 17. O-O Rxd1 18. Rxd1 Ke7 19. Ng3 Rf8 20. f3 Bh8
21. Ne4 Bd5 22. Nc5 b6 23. Nd3 Kf7 24. Nb4 a5 25. Nxd5 cxd5 26. Rxd5 Ke6 27. c4
Rc8 28. Bf2 Rc6 29. Rb5 Rd6 30. Rxb6 Rxb6 31. Bxb6 a4 32. b4 f5 33. Kf2 e4 34.
Ke3 exf3 35. gxf3 Bc3 36. Bc5 Be5 37. h3 Kd7 38. Bd4 Bh2 39. f4 Bg1+ 40. Kd3
Bh2 41. Be5 Bg1 42. c5 Kc6 43. Kc4 Bf2 44. b5+ Kd7 45. c6+ Kc8 46. Bd4 Be1 47.
Bb6 Bd2 48. Ba7 Bxf4 49. b6 Bd6 50. a3 f4 51. Kb5 f3 52. b7+ Kd8 53. Kxa4 Bb8
54. Bf2 Kc7 55. Kb5 Kd6 56. a4 Kd5 57. a5 Ke4 58. Kb6 Kd3 59. c7 Bxc7+ 60. Kxc7
Ke2 61. Bg3 f2 62. Bxf2 Kxf2 63. b8=Q Ke3 64. Qf8 Ke4 65. Qf2 Ke5 66. Qf3 Kd4
67. Qe2 Kd5 68. Qe3 Kc4 69. Qd2 Kc5 70. Qd3 Kb4 71. Qc2 Kxa5 72. Qb3 Ka6 73.
Qa4# 1-0

[Event "Sherbrooke, Perpetuelles 1-5"]
[Site "Sherbrooke CAN"]
[Date "2003.06.06"]
[Round "1"]
[White "Lemelin, Marc"]
[Black "Pilotte, Benoit"]
[Result "1-0"]
[WhiteElo "1645"]
[BlackElo "1724"]
[PlyCount "71"]
[EventDate "2003.06.06"]
[EventType "swiss"]
[EventRounds "5"]
[EventCountry "CAN"]

1. d4 f5 2. c4 Nf6 3. g3 e6 4. Bg2 c6 5. Nf3 Bd6 6. Nc3 O-O 7. O-O Na6 8. e4
fxe4 9. Ng5 Bc7 10. d5 exd5 11. cxd5 Nb4 12. Qb3 Nbxd5 13. Ngxe4 Kh8 14. Nxd5
Nxd5 15. Bg5 Qe8 16. Rae1 Qh5 17. Qa3 d6 18. Nxd6 Bxd6 19. Qxd6 Bf5 20. Be7
Nxe7 21. Rxe7 Rad8 22. Qc7 Rd1 23. Rxg7 Rxf1+ 24. Bxf1 Be4 25. Re7 Qf3 26. Qe5+
Rf6 27. Re8+ Kg7 28. Qg5+ Bg6 29. Re2 Kf7 30. Qe3 Qf5 31. Bh3 Qd5 32. Qe7+ Kg8
33. Qxf6 Qd1+ 34. Bf1 Bh5 35. Qg5+ Bg6 36. Re8+ 1-0

[Event "Sherbrooke, Perpetuelles 1-5"]
[Site "Sherbrooke CAN"]
[Date "2003.06.06"]
[Round "1"]
[White "Lewis, Claude"]
[Black "Jolin, Fernand"]
[Result "1-0"]
[WhiteElo "1413"]
[BlackElo "1412"]
[PlyCount "43"]
[EventDate "2003.06.06"]
[EventType "swiss"]
[EventRounds "5"]
[EventCountry "CAN"]

1. e4 e5 2. Nf3 Nc6 3. d4 exd4 4. Bc4 h6 5. Nxd4 Nxd4 6. Qxd4 Ne7 7. Bf4 Nc6 8.
Qd2 Qf6 9. Nc3 d6 10. O-O Nd4 11. e5 Qg6 12. Rfe1 dxe5 13. Rxe5+ Be7 14. Rae1
Nc6 15. Bb5 Be6 16. Nd5 Bd6 17. R5e4 Kd7 18. Nxc7 Kxc7 19. Qxd6+ Kb6 20. Bxc6
bxc6 21. Rb4+ Ka5 22. Qc5+ 1-0

[Event "Sherbrooke, Perpetuelles 1-5"]
[Site "Sherbrooke CAN"]
[Date "2003.06.06"]
[Round "1"]
[White "Morin, Laurent"]
[Black "Thomsen, Gunther"]
[Result "0-1"]
[WhiteElo "896"]
[BlackElo "1116"]
[PlyCount "56"]
[EventDate "2003.06.06"]
[EventType "swiss"]
[EventRounds "5"]
[EventCountry "CAN"]

1. e4 c5 2. Nf3 d6 3. c3 Nc6 4. Bb5 Qc7 5. Bxc6+ Qxc6 6. d4 Qxe4+ 7. Qe2 Qg6 8.
Nh4 Qf6 9. Be3 Qxh4 10. Qb5+ Bd7 11. Qxb7 Rc8 12. Qxa7 cxd4 13. Qxd4 Qxd4 14.
Bxd4 e5 15. Be3 Nf6 16. O-O h5 17. Nd2 h4 18. h3 Nd5 19. Ne4 f5 20. Nd2 f4 21.
Rfe1 fxe3 22. fxe3 g5 23. e4 Nf4 24. Re3 g4 25. hxg4 Bxg4 26. Kf2 Bh6 27. Ree1
Nd3+ 28. Kg1 Nxe1 0-1

[Event "Sherbrooke, Perpetuelles 1-5"]
[Site "Sherbrooke CAN"]
[Date "2003.06.13"]
[Round "2"]
[White "Duclos, Alain"]
[Black "Boutin, Andre"]
[Result "1/2-1/2"]
[WhiteElo "1634"]
[BlackElo "1516"]
[PlyCount "145"]
[EventDate "2003.06.06"]
[EventType "swiss"]
[EventRounds "5"]
[EventCountry "CAN"]

1. e4 c5 2. Nf3 d6 3. d4 Nf6 4. Nc3 cxd4 5. Nxd4 a6 6. Be3 Nc6 7. f3 Bd7 8. Qd2
e6 9. g4 Nxd4 10. Bxd4 h6 11. O-O-O Bc6 12. h4 d5 13. e5 Nd7 14. Bd3 Nc5 15.
Qe3 Nxd3+ 16. cxd3 Be7 17. Bb6 Qd7 18. Kb1 d4 19. Bxd4 b5 20. Ne4 Bxe4 21. Qxe4
Qd5 22. Qxd5 exd5 23. Rc1 Kd7 24. Bc5 Rac8 25. Bxe7 Kxe7 26. Rxc8 Rxc8 27. Rc1
Rxc1+ 28. Kxc1 d4 29. b4 h5 30. gxh5 Ke6 31. Kd2 Kxe5 32. Ke2 Kf4 33. Kf2 f6
34. a3 f5 35. h6 gxh6 36. h5 Kg5 37. Kg3 Kxh5 38. Kf4 Kg6 39. Ke5 Kg5 40. Kxd4
Kf4 41. Kc5 h5 42. d4 h4 43. d5 h3 44. d6 h2 45. d7 h1=Q 46. d8=Q Qc1+ 47. Kb6
Qxa3 48. Qh4+ Ke5 49. Qe7+ Kd4 50. Qc5+ Kd3 51. Qxf5+ Kc3 52. Qc5+ Kb3 53. Qe3+
Kxb4 54. Qd4+ Kb3 55. Qd3+ Ka4 56. Qd4+ b4 57. Kxa6 Qc3 58. Qd7+ Ka3 59. Qd5 b3
60. f4 b2 61. Qd6+ Qb4 62. Qd3+ Ka2 63. Qd5+ Qb3 64. Qd2 Ka3 65. Qd6+ Qb4 66.
Qd3+ Ka2 67. Qe2 Qxf4 68. Qc2 Qd6+ 69. Kb5 Qb8+ 70. Ka6 Qa8+ 71. Kb6 Qb8+ 72.
Ka6 Qa8+ 73. Kb6 1/2-1/2

[Event "Sherbrooke, Perpetuelles 1-5"]
[Site "Sherbrooke CAN"]
[Date "2003.06.13"]
[Round "2"]
[White "Grenier, Jean-Pierre"]
[Black "Beaudry, Marc-Andre"]
[Result "1-0"]
[WhiteElo "1527"]
[BlackElo "1488"]
[PlyCount "37"]
[EventDate "2003.06.06"]
[EventType "swiss"]
[EventRounds "5"]
[EventCountry "CAN"]

1. e4 c5 2. Nf3 d6 3. d4 cxd4 4. Nxd4 Nf6 5. Nc3 e6 6. Bc4 Be7 7. Be3 O-O 8.
Qe2 Nc6 9. O-O-O a6 10. f4 Bd7 11. g4 Nxd4 12. Rxd4 e5 13. fxe5 Nxg4 14. Rg1
Nxe3 15. Qxe3 dxe5 16. Qh6 g6 17. Rdd1 Rc8 18. Rxg6+ Kh8 19. Qg7# 1-0

[Event "Sherbrooke, Perpetuelles 1-5"]
[Site "Sherbrooke CAN"]
[Date "2003.06.13"]
[Round "2"]
[White "Lemelin, Marc"]
[Black "Courteau, Bernard"]
[Result "0-1"]
[WhiteElo "1645"]
[BlackElo "1703"]
[PlyCount "94"]
[EventDate "2003.06.06"]
[EventType "swiss"]
[EventRounds "5"]
[EventCountry "CAN"]

1. d4 Nf6 2. c4 e6 3. Nc3 d5 4. Bg5 Bb4 5. a3 Bxc3+ 6. bxc3 c6 7. e3 Nbd7 8.
Bxf6 Nxf6 9. Bd3 Qa5 10. Ne2 e5 11. dxe5 Ng4 12. cxd5 Qxd5 13. e4 Qxe5 14. f4
Qc5 15. Qd2 Qf2+ 16. Kd1 Be6 17. Nd4 O-O-O 18. Kc2 Ne3+ 19. Kc1 Qxd2+ 20. Kxd2
Nxg2 21. f5 Bd7 22. Ne2 c5 23. c4 Bc6 24. Kc3 g6 25. Rhg1 Nh4 26. f6 Nf3 27.
Rg3 Ne5 28. Nf4 Nxd3 29. Nxd3 Bxe4 30. Nxc5 Bf5 31. Re1 b6 32. Ne4 Bxe4 33.
Rxe4 Rhe8 34. Rge3 Rxe4 35. Rxe4 Rd7 36. c5 bxc5 37. Re8+ Kc7 38. Kc4 Kd6 39.
Rh8 h5 40. Re8 Rc7 41. h3 a6 42. h4 Rd7 43. Ra8 Ke6 44. Rxa6+ Rd6 45. Rxd6+
Kxd6 46. a4 g5 47. hxg5 h4 0-1

[Event "Sherbrooke, Perpetuelles 1-5"]
[Site "Sherbrooke CAN"]
[Date "2003.06.13"]
[Round "2"]
[White "Morin, Louis2"]
[Black "Jolin, Fernand"]
[Result "0-1"]
[WhiteElo "1915"]
[BlackElo "1412"]
[PlyCount "74"]
[EventDate "2003.06.06"]
[EventType "swiss"]
[EventRounds "5"]
[EventCountry "CAN"]

1. e4 e5 2. Nc3 Nc6 3. Nf3 d6 4. Bc4 h6 5. a3 Bg4 6. b4 Nd4 7. Bb5+ c6 8. Be2
Nf6 9. d3 Nxe2 10. Qxe2 Be7 11. O-O O-O 12. Be3 d5 13. h3 Bxf3 14. Qxf3 d4 15.
Bxh6 gxh6 16. Qg3+ Kh7 17. Ne2 Qd6 18. c4 Rg8 19. c5 Qe6 20. Qf3 Rg7 21. Qf5+
Qxf5 22. exf5 Rag8 23. g3 Nd5 24. f4 exf4 25. Nxf4 Nxf4 26. Rxf4 Rxg3+ 27. Kf2
Rxd3 28. Re1 Bg5 29. Rfe4 Rxh3 30. Rxd4 Bh4+ 31. Rxh4 Rxh4 32. Re7 Rf4+ 33. Ke3
Rxf5 34. Ke4 Rf1 35. Ke5 Re1+ 36. Kf6 Rg6+ 37. Kxf7 Rg7+ 0-1

[Event "Sherbrooke, Perpetuelles 1-5"]
[Site "Sherbrooke CAN"]
[Date "2003.06.13"]
[Round "2"]
[White "Ouellet-Lahaie, Didier"]
[Black "Soskic, Milan"]
[Result "1-0"]
[WhiteElo "1418"]
[BlackElo "1214"]
[PlyCount "57"]
[EventDate "2003.06.06"]
[EventType "swiss"]
[EventRounds "5"]
[EventCountry "CAN"]

1. e4 d6 2. d4 Nf6 3. Nc3 g6 4. Be3 Bg7 5. f3 O-O 6. Qd2 b6 7. h4 Bb7 8. Bh6
Nbd7 9. Bxg7 Kxg7 10. h5 Nxh5 11. g4 Nhf6 12. Qh6+ Kh8 13. Nh3 Ng8 14. Qh4 e6
15. g5 f6 16. O-O-O fxg5 17. Nxg5 h5 18. Be2 Qe7 19. Rdg1 e5 20. d5 c5 21. Qg3
Ngf6 22. Ne6 Rg8 23. Nb5 Nf8 24. Qg5 Nxe6 25. dxe6 Rad8 26. f4 Bxe4 27. fxe5
Qxe6 28. exf6 Kh7 29. Rxh5+ 1-0

[Event "Sherbrooke, Perpetuelles 1-5"]
[Site "Sherbrooke CAN"]
[Date "2003.06.27"]
[Round "3"]
[White "Boutin, Andre"]
[Black "Ouellet-Lahaie, Didier"]
[Result "1/2-1/2"]
[WhiteElo "1516"]
[BlackElo "1418"]
[PlyCount "162"]
[EventDate "2003.06.06"]
[EventType "swiss"]
[EventRounds "5"]
[EventCountry "CAN"]

1. c4 Nf6 2. Nf3 e6 3. Nc3 d5 4. cxd5 exd5 5. d4 c6 6. e3 Bd6 7. Be2 O-O 8. O-O
Nbd7 9. a4 a5 10. b3 Re8 11. Ba3 Bxa3 12. Rxa3 Nf8 13. Ne5 Ng6 14. Nxg6 hxg6
15. Bf3 Bf5 16. Ra2 Ne4 17. Nxe4 Bxe4 18. Bxe4 Rxe4 19. Qd2 Qg5 20. b4 Qd8 21.
bxa5 Qxa5 22. Qxa5 Rxa5 23. Rb2 Re7 24. Rb4 Kf8 25. Rfb1 Ra7 26. Kf1 Ke8 27.
Rb6 Kd8 28. Ke2 Kc7 29. Kd3 Re8 30. Kc3 Rea8 31. a5 Rb8 32. a6 Rxa6 33. Rxa6
bxa6 34. Ra1 Rb6 35. f3 Kb7 36. e4 Rb5 37. exd5 Rxd5 38. Re1 Kb6 39. g4 c5 40.
dxc5+ Rxc5+ 41. Kd4 Kc6 42. Ra1 a5 43. Ra2 Rb5 44. Re2 Rb3 45. Ke4 Rb4+ 46. Ke3
g5 47. Rc2+ Kd5 48. Rc7 Rf4 49. h4 Rc4 50. Rxf7 gxh4 51. Rxg7 a4 52. Rh7 Ke5
53. Rh5+ Kf6 54. Rxh4 Rc3+ 55. Kf2 a3 56. Rh5 Rc2+ 57. Kg3 Rc1 58. Ra5 Ra1 59.
Kf4 a2 60. Ra6+ Kf7 61. g5 Kg7 62. Kf5 Rf1 63. Ra7+ Kf8 64. Rxa2 Rxf3+ 65. Kg4
Rf7 66. g6 Rb7 67. Rh2 Kg8 68. Kg5 Rb1 69. Kh6 Rf1 70. Rh5 Rg1 71. Rh4 Rg2 72.
Rf4 Rh2+ 73. Kg5 Rg2+ 74. Kf6 Ra2 75. Rd4 Ra6+ 76. Kf5 Ra7 77. Rd8+ Kg7 78. Rd6
Ra5+ 79. Kf4 Ra7 80. Rb6 Rc7 81. Kf5 Rc5+ 1/2-1/2

[Event "Sherbrooke, Perpetuelles 1-5"]
[Site "Sherbrooke CAN"]
[Date "2003.06.27"]
[Round "3"]
[White "Duclos, Alain"]
[Black "Grenier, Jean-Pierre"]
[Result "0-1"]
[WhiteElo "1634"]
[BlackElo "1527"]
[PlyCount "80"]
[EventDate "2003.06.06"]
[EventType "swiss"]
[EventRounds "5"]
[EventCountry "CAN"]

1. e4 c5 2. Nf3 Nc6 3. d4 cxd4 4. Nxd4 Nf6 5. Nc3 e6 6. Ndb5 a6 7. Nd6+ Bxd6 8.
Qxd6 Qe7 9. e5 Qxd6 10. exd6 Nb4 11. Bd3 Nxd3+ 12. cxd3 b5 13. Bg5 Bb7 14. Bxf6
gxf6 15. Ne4 Bxe4 16. dxe4 Rc8 17. O-O O-O 18. Rac1 Kg7 19. f4 f5 20. e5 f6 21.
Rc7 Rxc7 22. dxc7 Rc8 23. Rc1 fxe5 24. fxe5 Kf7 25. Kf2 Ke7 26. Ke3 d5 27.
exd6+ Kxd6 28. Kf4 Rxc7 29. Rxc7 Kxc7 30. Ke5 Kd7 31. Kf6 Kd6 32. h4 Kd5 33. h5
e5 34. Kxf5 Kd4 35. g4 e4 36. g5 e3 37. g6 hxg6+ 38. hxg6 e2 39. g7 e1=Q 40.
g8=Q Qe4+ 0-1

[Event "Sherbrooke, Perpetuelles 1-5"]
[Site "Sherbrooke CAN"]
[Date "2003.06.27"]
[Round "3"]
[White "Jolin, Fernand"]
[Black "Thomsen, Gunther"]
[Result "0-1"]
[WhiteElo "1412"]
[BlackElo "1116"]
[PlyCount "72"]
[EventDate "2003.06.06"]
[EventType "swiss"]
[EventRounds "5"]
[EventCountry "CAN"]

1. Nf3 d5 2. d4 e6 3. g3 h6 4. Bg2 c5 5. O-O Nc6 6. e3 Qb6 7. Ne5 Nxe5 8. dxe5
Qc7 9. Nd2 Qxe5 10. c3 Qc7 11. Nf3 Bd7 12. Bd2 Be7 13. b4 g5 14. bxc5 Qxc5 15.
Qb3 Rb8 16. Ne5 Bb5 17. Rfc1 Bf6 18. Nf3 Ne7 19. Nd4 a6 20. Nxb5 axb5 21. Rab1
Ra8 22. Qxb5+ Qxb5 23. Rxb5 Rxa2 24. Be1 Ra7 25. Rcb1 O-O 26. Rxb7 Rfa8 27.
Rb8+ Rxb8 28. Rxb8+ Kg7 29. Rb1 Ra3 30. Rc1 Ng6 31. c4 dxc4 32. Rxc4 Ra1 33.
Kf1 Ne5 34. Rc2 Nd3 35. Ke2 Nxe1 36. Rc4 Nxg2 0-1

[Event "Sherbrooke, Perpetuelles 1-5"]
[Site "Sherbrooke CAN"]
[Date "2003.06.27"]
[Round "3"]
[White "Pilotte, Benoit"]
[Black "Lopez, Jose"]
[Result "0-1"]
[WhiteElo "1724"]
[BlackElo "1676"]
[PlyCount "48"]
[EventDate "2003.06.06"]
[EventType "swiss"]
[EventRounds "5"]
[EventCountry "CAN"]

1. f4 e5 2. fxe5 d6 3. exd6 Bxd6 4. Nf3 g5 5. g3 Nc6 6. e4 Bg4 7. Be2 h5 8. d3
f6 9. Nbd2 Nh6 10. Nc4 Qe7 11. Nxd6+ Qxd6 12. Nd2 O-O-O 13. Bxg4+ Nxg4 14. Nc4
Qc5 15. Rf1 b5 16. h3 bxc4 17. hxg4 cxd3 18. gxh5 dxc2 19. Qg4+ Kb8 20. Bd2 Ne5
21. Qf5 Qd4 22. Bc1 Rxh5 23. a4 Rh2 24. Bxg5 Nd3# 0-1

[Event "Sherbrooke, Perpetuelles 1-5"]
[Site "Sherbrooke CAN"]
[Date "2003.06.27"]
[Round "3"]
[White "Soskic, Milan"]
[Black "Lewis, Claude"]
[Result "0-1"]
[WhiteElo "1214"]
[BlackElo "1413"]
[PlyCount "90"]
[EventDate "2003.06.06"]
[EventType "swiss"]
[EventRounds "5"]
[EventCountry "CAN"]

1. e4 d6 2. Nf3 Nf6 3. Nc3 e5 4. Bb5+ c6 5. Ba4 Bg4 6. d3 Be7 7. Bg5 Nbd7 8.
O-O O-O 9. h3 Bxf3 10. Qxf3 Nc5 11. Bb3 Nxb3 12. axb3 Nd7 13. Be3 b6 14. b4 Bg5
15. Nd1 Qf6 16. Bxg5 Qxg5 17. Ne3 Qf6 18. Qxf6 Nxf6 19. Nf5 c5 20. b5 Rfd8 21.
c4 Rd7 22. g4 Kf8 23. Ng3 Ne8 24. Nf5 Nc7 25. f4 Ne6 26. fxe5 dxe5 27. Rad1 Nf4
28. Rf3 Rad8 29. Kh2 Rxd3 30. Rfxd3 Rxd3 31. Rxd3 Nxd3 32. b3 Nc1 33. Kg3 Nxb3
34. Nd6 Na5 35. g5 g6 36. Kf3 Ke7 37. Nc8+ Kd7 38. Nxa7 Nxc4 39. Nc6 Kd6 40.
Nd8 Ke7 41. Nc6+ Kd7 42. Ke2 Nd6 43. Nxe5+ Ke6 44. Nc6 Nxb5 45. Nd8+ Kd6 0-1

[Event "Sherbrooke, Perpetuelles 1-5"]
[Site "Sherbrooke CAN"]
[Date "2003.07.04"]
[Round "4"]
[White "Boutin, Andre"]
[Black "Beaudry, Marc-Andre"]
[Result "1-0"]
[WhiteElo "1516"]
[BlackElo "1488"]
[PlyCount "48"]
[EventDate "2003.06.06"]
[EventType "swiss"]
[EventRounds "5"]
[EventCountry "CAN"]

1. Nf3 c5 2. c4 Nc6 3. Nc3 g6 4. d3 Bg7 5. g3 d6 6. Bg2 Bd7 7. O-O Nf6 8. Bd2
Qc8 9. Qc1 Bh3 10. Bh6 O-O 11. Bxg7 Kxg7 12. Ng5 Bxg2 13. Kxg2 h6 14. Nge4 Nxe4
15. Nxe4 f5 16. Nc3 f4 17. gxf4 Qg4+ 18. Kh1 Rxf4 19. f3 Qh5 20. Qxf4 Rf8 21.
Qg4 Qe5 22. Qe4 Qg5 23. Rg1 Qh5 24. Qg4 Qe5 1-0

[Event "Sherbrooke, Perpetuelles 1-5"]
[Site "Sherbrooke CAN"]
[Date "2003.07.04"]
[Round "4"]
[White "Courteau, Bernard"]
[Black "Pilotte, Benoit"]
[Result "1-0"]
[WhiteElo "1703"]
[BlackElo "1724"]
[PlyCount "99"]
[EventDate "2003.06.06"]
[EventType "swiss"]
[EventRounds "5"]
[EventCountry "CAN"]

1. d4 Nf6 2. Nf3 e6 3. c4 b6 4. a3 Bb7 5. Nc3 d5 6. Bg5 dxc4 7. e3 Ba6 8. Ne5
b5 9. Qf3 Nbd7 10. Qc6 Qc8 11. Bxf6 Bb7 12. Qxd7+ Qxd7 13. Nxd7 Kxd7 14. Bh4 g5
15. Bxg5 Rb8 16. f3 Rg8 17. Bf4 a5 18. O-O-O b4 19. axb4 axb4 20. Ne4 Be7 21.
g3 c3 22. Nc5+ Kc6 23. e4 Bxc5 24. dxc5 Ra8 25. Bd3 cxb2+ 26. Kxb2 Ra3 27. Be2
f6 28. Rd3 Ba6 29. Rd2 Bxe2 30. Rxe2 Rga8 31. Rhe1 e5 32. Bc1 Ra2+ 33. Kb3 R2a5
34. Rc2 Rxc5 35. Rxc5+ Kxc5 36. Re2 Kb5 37. Rc2 c5 38. f4 Rd8 39. fxe5 Rd3+ 40.
Kb2 fxe5 41. Bh6 c4 42. Bg7 b3 43. Re2 Kb4 44. Bxe5 Rd8 45. Bc3+ Kc5 46. e5 Ra8
47. Rd2 Ra2+ 48. Kb1 Rxd2 49. Bxd2 Kd5 50. Bc3 1-0

[Event "Sherbrooke, Perpetuelles 1-5"]
[Site "Sherbrooke CAN"]
[Date "2003.07.04"]
[Round "4"]
[White "Lopez, Jose"]
[Black "Duclos, Alain"]
[Result "0-1"]
[WhiteElo "1676"]
[BlackElo "1634"]
[PlyCount "122"]
[EventDate "2003.06.06"]
[EventType "swiss"]
[EventRounds "5"]
[EventCountry "CAN"]

1. e4 c5 2. Nf3 e6 3. d4 cxd4 4. Nxd4 a6 5. c4 Nf6 6. Nc3 d6 7. Be3 Be7 8. Bd3
Nc6 9. O-O O-O 10. Rc1 d5 11. cxd5 exd5 12. exd5 Nb4 13. Bb1 Nbxd5 14. Nxd5
Nxd5 15. Qc2 g6 16. Bh6 Bg5 17. Bxf8 Bxc1 18. Ba3 Bh6 19. Rd1 Qf6 20. Qe4 Be6
21. Nxe6 fxe6 22. Re1 Re8 23. Bc2 Qf4 24. Bb3 Qxe4 25. Rxe4 Kf7 26. Kf1 b5 27.
Bd6 Rc8 28. Be5 Rc6 29. Ke2 Bg7 30. Bxg7 Kxg7 31. Bxd5 exd5 32. Rd4 Rc5 33. Kd2
Kf6 34. Rd3 Ke5 35. Rh3 h5 36. Rg3 Rc6 37. Kd3 Rf6 38. Re3+ Kd6 39. f3 g5 40.
Re1 g4 41. fxg4 hxg4 42. Re2 Rh6 43. g3 a5 44. a3 a4 45. Kd4 Kc6 46. Ke5 Rd6
47. Rc2+ Kd7 48. Kf5 d4 49. Kxg4 d3 50. Rd2 Kc6 51. Kf3 Kc5 52. Ke3 Kc4 53. h4
Re6+ 54. Kf2 Rf6+ 55. Ke1 Rf3 56. Rg2 Kd4 57. Kd2 Rf1 58. g4 Rb1 59. Rf2 Rxb2+
60. Ke1 Rxf2 61. Kxf2 Kc3 0-1

[Event "Sherbrooke, Perpetuelles 1-5"]
[Site "Sherbrooke CAN"]
[Date "2003.07.04"]
[Round "4"]
[White "Soskic, Milan"]
[Black "Jolin, Fernand"]
[Result "0-1"]
[WhiteElo "1214"]
[BlackElo "1412"]
[PlyCount "77"]
[EventDate "2003.06.06"]
[EventType "swiss"]
[EventRounds "5"]
[EventCountry "CAN"]

1. d4 d5 2. c4 dxc4 3. Nc3 Nf6 4. Bg5 Nbd7 5. e3 h6 6. Bh4 e6 7. Bxc4 Bb4 8.
Qc2 O-O 9. Nf3 Bxc3+ 10. bxc3 Nb6 11. Bb3 c6 12. O-O Bd7 13. e4 g5 14. Bg3 Nh5
15. Bd6 Re8 16. e5 Nf4 17. Qe4 Nc8 18. Bc2 Ng6 19. Bb4 Nce7 20. h4 a5 21. Ba3
Nf5 22. h5 Nf8 23. Bxf8 Kxf8 24. g4 Nh4 25. Nd2 f5 26. Qd3 Qe7 27. f3 c5 28. a4
Bc6 29. Nc4 Kg8 30. Nd6 Rf8 31. Bb3 cxd4 32. cxd4 fxg4 33. Ne4 Bxe4 34. Qxe4
Rf4 35. Qe3 Rd8 36. Kh2 Rdxd4 37. Rad1 Rxd1 38. Rxd1 gxf3 39. Rg1 0-1

[Event "Sherbrooke, Perpetuelles 1-5"]
[Site "Sherbrooke CAN"]
[Date "2003.07.04"]
[Round "4"]
[White "Thomsen, Gunther"]
[Black "Morin, Louis2"]
[Result "1-0"]
[WhiteElo "1116"]
[BlackElo "1915"]
[PlyCount "101"]
[EventDate "2003.06.06"]
[EventType "swiss"]
[EventRounds "5"]
[EventCountry "CAN"]

1. e4 e5 2. Bc4 Nf6 3. d3 d5 4. exd5 Nxd5 5. Qf3 Be6 6. Bb3 c6 7. a3 Qc7 8. Qg3
g6 9. c4 Qa5+ 10. Bd2 Bb4 11. cxd5 Bxd2+ 12. Nxd2 cxd5 13. Qxe5 Rf8 14. Ngf3
Nd7 15. Qe3 O-O-O 16. O-O Kb8 17. Nd4 Nc5 18. Nxe6 d4 19. Nxd4 Rfe8 20. Nc4
Rxe3 21. Nxa5 Rxd4 22. fxe3 Rxd3 23. Bxf7 Rxe3 24. Bd5 b6 25. Nc6+ Kc7 26. Rf7+
Kd6 27. Rd1 Nd3 28. Bf3 Kc5 29. Nxa7 h5 30. Bxh5 gxh5 31. Rf5+ Kc4 32. Rxd3
Rxd3 33. Rf4+ Kd5 34. a4 Ke5 35. Rf1 Ke4 36. b4 Rd7 37. Nc6 h4 38. h3 Rd6 39.
Rc1 Ke3 40. a5 bxa5 41. bxa5 Kf4 42. a6 Kg3 43. Rc3+ Kf4 44. a7 Rd1+ 45. Kh2
Ra1 46. Rc4+ Ke3 47. Rxh4 Ra6 48. Rh6 Kf2 49. Rf6+ Ke3 50. Rf8 Ke4 51. a8=Q 1-0